00577nam a22001577a 4500020000800000040001600008082001300024100003700037245012000074250001300194260005200207300003400259942001200293999001900305952009500324 qHB. cFIZZA ISHAQ a909bWIL a Williams , Henry Smith.9134324 aThe historians' history of the world in twenty-five volumes, volume XI - FRANCE, 843-1715 /cHenry Smith Williams. aVol : XI aNew York :b Press of J. J. Little & Co,c1904. axiv ; 656 P. ; ill . ;c27 cm 2ddccBK c617306d617306 00102ddc4070aNQCbNQCcREFd2026-05-05l0o909 WILpQD-357r2026-05-05w2026-05-05yBK